ბათუმის შოთა რუსთაველის სახელმწიფო უნივერსიტეტის ბიბლიოთეკა

ქერა ნოემბერი (ბიბ.ჩანაწერი № 43138)

000 -LEADER
fixed length control field 00790nam a2200229Ia 4500
001 - CONTROL NUMBER
control field 9859
003 - CONTROL NUMBER IDENTIFIER
control field GE_BSU
008 - FIXED-LENGTH DATA ELEMENTS--GENERAL INFORMATION
fixed length control field 181216s||||||||xx |||||||||||||| ||und||
020 ## - INTERNATIONAL STANDARD BOOK NUMBER
International Standard Book Number 99928430603
040 ## - CATALOGING SOURCE
Transcribing agency GE_BSU
080 ## - UNIVERSAL DECIMAL CLASSIFICATION NUMBER
Universal Decimal Classification number 821.353.1-1+821.353.1-193.3
100 ## - MAIN ENTRY--PERSONAL NAME
Personal name ბერიძე,კობა
245 ## - TITLE STATEMENT
Title ქერა ნოემბერი
245 ## - TITLE STATEMENT
Remainder of title ლექსები,სონეტები
245 ## - TITLE STATEMENT
Statement of responsibility, etc. რედ:სანდრო ბერიძე; მხატ:რედ:ჯემალ მიქელაძე.
260 ## - PUBLICATION, DISTRIBUTION, ETC.
Place of publication, distribution, etc. ბათუმი.
260 ## - PUBLICATION, DISTRIBUTION, ETC.
Name of publisher, distributor, etc. ალიონი.
300 ## - PHYSICAL DESCRIPTION
Extent 111გვ;17სმ.
653 ## - INDEX TERM--UNCONTROLLED
Uncontrolled term ქერა ნოემბერი:ლექსები,სონეტები
942 ## - ADDED ENTRY ELEMENTS (KOHA)
Koha item type წიგნი
ეგზემპლარები
Withdrawn status Lost status Damaged status Not for loan Date acquired Barcode Date last seen Price effective from Koha item type
        2018-12-17 32889 2018-12-17 2018-12-17 წიგნი